000170743 001__ 170743
000170743 005__ 20260429150230.0
000170743 037__ $$aTAZ-TFG-2025-4354
000170743 041__ $$aspa
000170743 1001_ $$aSebastián Berges, Álvaro
000170743 24200 $$aBuilding Music: Ryuichi Sakamoto's Compositional Method as an Architectural Design Tool
000170743 24500 $$aConstruir la música. El método compositivo de Ryuichi Sakamoto como herramienta proyectual
000170743 260__ $$aZaragoza$$bUniversidad de Zaragoza$$c2025
000170743 506__ $$aby-nc-sa$$bCreative Commons$$c3.0$$uhttp://creativecommons.org/licenses/by-nc-sa/3.0/
000170743 520__ $$aInvestigación teórica sobre como se pueden aplicar conceptos empleados en el proceso de composición musical y su adaptación al proceso creativo y de diseño proyectual en la arquitectura a través del estudio del compositor Ryuichi Sakamoto. Propuesta de proyecto propio aplicando el análisis e investigación citados.<br />
000170743 521__ $$aGraduado en Estudios en Arquitectura
000170743 540__ $$aDerechos regulados por licencia Creative Commons
000170743 691__ $$a4
000170743 692__ $$aODS 4: 4.1, 4.2, 4.3, 4.4, 4.5, 4.6.
000170743 700__ $$aDíez Medina, Carmen$$edir.
000170743 700__ $$aDelgado Orusco, Eduardo$$edir.
000170743 7102_ $$aUniversidad de Zaragoza$$bUnidad Predepartamental de Arquitectura$$cProyectos Arquitectónicos
000170743 8560_ $$f819200@unizar.es
000170743 8564_ $$s11296520$$uhttps://zaguan.unizar.es/record/170743/files/TAZ-TFG-2025-4354.pdf$$yMemoria (spa)
000170743 909CO $$ooai:zaguan.unizar.es:170743$$pdriver$$ptrabajos-fin-grado
000170743 950__ $$a
000170743 951__ $$adeposita:2026-04-29
000170743 980__ $$aTAZ$$bTFG$$cEINA
000170743 999__ $$a20250909173039.CREATION_DATE